Регионална библиотека "Любен Каравелов" - Русе

Икономическа ефективност на научно-техническия прогрес (Запис номер 482823)

MARC детайли
000 -Лидер
Контролно поле с фиксирана дължина 01906nam a2200289 a 4500
003 - Код на организацията, давaща контролен номер
Контролно поле BLK
005 - Дата и час на последна редакция
Контролно поле 20240321115038.0
008 - Елементи от данни с фиксирана дължина
fixed length control field 221130b bu |||||r|||| 00| | bu d
040 ## - Източник на каталожния запис
Идентификатор на билиотеката - собственик на записа BLK
041 ## - Код за език
Код за езика на текст/звукозапис или на отделно заглавие Български
Код за езика КДБФ Български
080 ## - УДК
Текстов определител УДК Фактори на икономическото развитие. - Развитие на производството. Технически прогрес. Институционни промени. Структурни промени. Индустриализация. Концентрация. Централизация, децентрализация
УДК код - определител по УДК 330.341
УДК - код + определител 330.341
139 ## - Редно поле
Редна дума Икономическа ефективност на научно-техническия прогрес
245 ## - Сведения за заглавието
Заглавие Икономическа ефективност на научно-техническия прогрес
Подзаглавни данни Моногр.
Редно поле (дума) П. И. Верба и др.; прев. от рус. Магдалена Атанасова
260 ## - Област на издателските данни
9 (RLIN) 211414
Място на издаване, разпространение и проч. София
Име на издателя, разпространителя и проч. Партиздат
Година на издаване 1979
300 ## - Физическа характеристика
Страници 307 с.
Размери/Мащаб 21 см
380 ## - Жанр
Жанр Обществени науки
500 ## - Общи забележки
Забележка Ориг. загл. Экономическая эффективность научно-технического прогресса<br/>Други авт. : В. К. Врублевски, Д. П. Богиня, Н. Г. Чумаченко, Л. Н. Шаблиста, Г. И. Манцуров, М. И. Долишни, отбелязани на с. 8<br/><br/>
504 ## - Забележка за наличие на библиография и др
Забележка за наличие на библиография и под. Библиогр. под линия.
650 #7 - Допълнително описание по предмет – тема
Основно описание – тема или топоним Научно-технически прогрес
Източник на редна или ключова дума
9 (RLIN) 163659
653 #7 - Ключова дума – ненормативна
9 (RLIN) 187472
Ключова дума икономическа ефективност
700 ## - Други автори (авторска отговорност)
Лично име Верба, Прокофий Иванович
Автороска отговорност (Описва отношението между автора и произведението) съавт.
9 (RLIN) 1445
700 ## - Други автори (авторска отговорност)
9 (RLIN) 368678
Лично име Атанасова, Магдалена
Автороска отговорност (Описва отношението между автора и произведението) прев. от рус.
852 ## - Местоположение
Форматна сигнатура Цб 98967
Фондова буква Хранилище
856 ## - Електронен адрес и достъп
Инструкция (цена за достъп) 0.00
Права за достъп disable
999 ## - СИСТЕМНИ КОНТРОЛНИ НОМЕРА
Koha biblionumber 482823
Koha biblioitemnumber 482823
942 ## - АРТИКУЛИ
Вид на библиотечния материал Книги
Скрит в OPAC Не
Периодичен библиозапис Да
944 ## - СЪЗДАВАНЕ И РЕДАКЦИЯ на ЗАПИСА
Създаване/Редакция Създаване
Дата на регистрацията/редакция 2022-11-30
Служител, извършил регистрацията/редакцията 30560
Статус, дата на статуса Геновева Генчева
Наличности
Код за отписване Код за изгубен артикул Източник на класификационната схема Код за повреда Коз за рестрикции Код за отдаване Артикулен № Име на библиотеката - собственик Име на библиотеката, в която се намира в момента Статус (Текущо местоположение) Дата на вписване в системата Местоположение - отдел Цена в лева Инвентарен номер Систематично азбучна сигнатура Баркод Цена в евро Служебен тип на артикула
  Не е изгубен Universal Decimal Classification Не е повреден само за читалня ползва се в читалня 916275 Регионална библиотека "Любен Каравелов" Русе Регионална библиотека "Любен Каравелов" Русе Хранилище 2022-12-07 Хранилище 1.85 284147 Цб 98967 120000284147 0.95 Книги
Vip Innovations Ltd, Rousse, Bulgaria 2025